[Event "Mittelrhein Verbandsliga-N 18/19"]
[Site "Nordrheinwestfalen"]
[Date "2019.04.07"]
[Round "9.7"]
[White "Kamphausen, Johannes Dieter"]
[Black "Greb, Michael"]
[Result "1/2-1/2"]
[WhiteElo "1686"]
[BlackElo "1669"]
[PlyCount "82"]
[EventDate "2018.09.02"]
[EventType "team-tourn"]
[EventRounds "12"]
[EventCountry "GER"]
[SourceTitle "EXT 2022"]
[Source "ChessBase"]
[SourceDate "2021.10.06"]
[SourceVersion "1"]
[SourceVersionDate "2021.10.06"]
[SourceQuality "1"]
[WhiteTeam "Hitdorf SV Springer"]
[BlackTeam "Rheinpark BSG"]
[WhiteTeamCountry "GER"]
[BlackTeamCountry "GER"]

1. e4 c5 2. Nf3 Nc6 3. d4 cxd4 4. Nxd4 Nf6 5. Nc3 e5 6. Ndb5 d6 7. Bg5 Be7 8. Bxf6 Bxf6 9. Nxd6+ Ke7 10. Nxc8+ Rxc8 11. Qg4 Nd4 12. Bd3 Qa5 13. 0-0 Rxc3 14. bxc3 Qxc3 15. Rab1 b6 16. a4 h5 17. Qd1 g6 18. Qe1 Qc7 19. Qb4+ Kd8 20. c3 Be7 21. Qc4 Ne6 22. Qxc7+ Kxc7 23. Bb5 Rd8 24. Rfd1 Nc5 25. Rxd8 Kxd8 26. Rd1+ Kc7 27. Ra1 Nxe4 28. c4 Bc5 29. Rf1 Nd6 30. g3 Kb7 31. a5 a6 32. Ba4 Nxc4 33. Bb3 b5 34. Bxc4 bxc4 35. Rc1 Kc6 36. Rxc4 Kb5 37. Re4 Bd4 38. Kf1 Kxa5 39. f4 f5 40. Re2 e4 41. Ra2+ Kb5 1/2-1/2

[Event "Mittelrhein Verbandsliga-N 18/19"]
[Site "Nordrheinwestfalen"]
[Date "2019.02.10"]
[Round "7.8"]
[White "Greb, Michael"]
[Black "Buettner, Ulrich"]
[Result "0-1"]
[WhiteElo "1669"]
[BlackElo "1772"]
[PlyCount "58"]
[EventDate "2018.09.02"]
[EventType "team-tourn"]
[EventRounds "12"]
[EventCountry "GER"]
[SourceTitle "EXT 2022"]
[Source "ChessBase"]
[SourceDate "2021.10.06"]
[SourceVersion "1"]
[SourceVersionDate "2021.10.06"]
[SourceQuality "1"]
[WhiteTeam "Rheinpark BSG"]
[BlackTeam "Langenfeld II"]
[WhiteTeamCountry "GER"]
[BlackTeamCountry "GER"]

1. e4 e5 2. Nf3 Nc6 3. Bc4 Nf6 4. d3 Be7 5. a3 0-0 6. Nc3 d6 7. Nd5 Nxd5 8. exd5 Nb8 9. Be3 Kh8 10. d4 e4 11. Nd2 f5 12. f3 f4 13. Bg1 Bh4+ 14. Kf1 e3 15. Ne4 Bf5 16. Bd3 Nd7 17. Nc3 Bxd3+ 18. Qxd3 a6 19. g3 fxg3 20. Qxe3 Bg5 21. Qd3 Qf6 22. Kg2 gxh2 23. Rxh2 Bh6 24. Re1 Qg5+ 25. Kf2 Nf6 26. Rg2 Qh4+ 27. Kf1 Nh5 28. Rh2 Qg3 29. Rxh5 Rxf3+ 0-1

[Event "Mittelrhein Verbandsliga-N 17/18"]
[Site "Nordrheinwestfalen"]
[Date "2018.02.04"]
[Round "7.8"]
[White "Schneider, Mathias"]
[Black "Greb, Michael"]
[Result "0-1"]
[WhiteElo "1489"]
[BlackElo "1666"]
[PlyCount "54"]
[EventDate "2017.09.10"]
[EventType "team-swiss"]
[EventRounds "11"]
[EventCountry "GER"]
[SourceTitle "EXT 2022"]
[Source "ChessBase"]
[SourceDate "2021.10.06"]
[SourceVersion "1"]
[SourceVersionDate "2021.10.06"]
[SourceQuality "1"]
[WhiteTeam "Gruenfeld"]
[BlackTeam "Rheinpark BSG"]
[WhiteTeamCountry "GER"]
[BlackTeamCountry "GER"]

1. d4 d5 2. Bf4 e6 3. e3 c5 4. c3 Bd7 5. Nf3 Nf6 6. Bd3 Qb6 7. b3 c4 8. Bc2 cxb3 9. axb3 Bb5 10. Nbd2 Nbd7 11. c4 dxc4 12. bxc4 Bc6 13. 0-0 Bb4 14. Ne5 0-0 15. Ndf3 Nh5 16. c5 Qd8 17. Nxc6 bxc6 18. Bd6 Re8 19. Ne5 Nxe5 20. Qxh5 Ng6 21. Rfb1 a5 22. Rb3 Qd7 23. e4 e5 24. Rh3 h6 25. Bxe5 Nxe5 26. dxe5 Qd4 27. Bb3 Qxa1+ 0-1

[Event "Mittelrhein Verbandsliga-M 16/17"]
[Site "Nordrheinwestfalen"]
[Date "2017.04.30"]
[Round "11.6"]
[White "Greb, Michael"]
[Black "Schiffer, Hans Joachim"]
[Result "1/2-1/2"]
[WhiteElo "1660"]
[BlackElo "1487"]
[PlyCount "48"]
[EventDate "2016.09.11"]
[EventType "team-tourn"]
[EventRounds "11"]
[EventCountry "GER"]
[SourceTitle "EXT 2022"]
[Source "ChessBase"]
[SourceDate "2021.10.06"]
[SourceVersion "1"]
[SourceVersionDate "2021.10.06"]
[SourceQuality "1"]
[WhiteTeam "Rheinpark BSG"]
[BlackTeam "Koeln Ford SF"]
[WhiteTeamCountry "GER"]
[BlackTeamCountry "GER"]

1. e4 e5 2. Nf3 Nc6 3. Bc4 Bc5 4. c3 Nf6 5. 0-0 0-0 6. d3 a6 7. b4 Be7 8. a4 d6 9. Qb3 h6 10. Ne1 Bd7 11. f4 exf4 12. Rxf4 Ne5 13. d4 Nxc4 14. Qxc4 c6 15. e5 d5 16. Qd3 Ne4 17. Nd2 Bg5 18. Rf1 Bxd2 19. Bxd2 f6 20. exf6 Rxf6 21. Rxf6 Qxf6 22. Nf3 Rf8 23. Rf1 Nd6 24. a5 Nc4 1/2-1/2

[Event "Mittelrhein Verbandsliga-M 15/16"]
[Site "Nordrheinwestfalen"]
[Date "2015.11.15"]
[Round "4.8"]
[White "Greb, Michael"]
[Black "Goebgens, Edmund"]
[Result "0-1"]
[WhiteElo "1650"]
[BlackElo "1726"]
[PlyCount "82"]
[EventDate "2015.09.06"]
[EventType "team-tourn"]
[EventRounds "11"]
[EventCountry "GER"]
[SourceTitle "EXT 2022"]
[Source "ChessBase"]
[SourceDate "2021.10.06"]
[SourceVersion "1"]
[SourceVersionDate "2021.10.06"]
[SourceQuality "1"]
[WhiteTeam "Rheinpark BSG"]
[BlackTeam "Esch SF"]
[WhiteTeamCountry "GER"]
[BlackTeamCountry "GER"]

1. e4 c5 2. Nf3 a6 3. d4 cxd4 4. Nxd4 e6 5. Be2 b5 6. a3 Bb7 7. Bf3 Be7 8. e5 Qc7 9. 0-0 Nc6 10. Re1 Rd8 11. Nb3 d6 12. exd6 Bxd6 13. Qe2 Bxh2+ 14. Kh1 Bd6 15. Bg5 Nge7 16. Nc3 h6 17. Bxe7 Nxe7 18. Bxb7 Qxb7 19. Ne4 Bc7 20. Nbc5 Qc6 21. b4 0-0 22. a4 Ra8 23. Red1 Nd5 24. Qf3 Be5 25. Rab1 Nc3 26. Nf6+ Bxf6 27. Qxc6 Nxb1 28. Rxb1 Rfc8 29. Qe4 bxa4 30. Qd3 a5 31. b5 Rxc5 32. b6 Rb8 33. f4 Rd8 34. Qe2 g6 35. b7 Rh5+ 36. Qxh5 gxh5 37. b8Q Rxb8 38. Rxb8+ Kg7 39. Rb5 Bc3 40. g3 a3 41. Rb3 a2 0-1